000 00636nam a2200217 a 4500
999 _c3398
_d3398
001 3398
003 BD-JhCC
005 20171113182145.0
008 171113s1371 bg a|||| ||a| 00| 0 ben d
035 _a(BD-JhCC)3398
040 _aBD-JhCC
_dBD-JhCC
041 _aben
082 _a883.01
_bKAB 1371
100 _aচৌধুরী, কবির
245 _aপ্রাচীন গ্রীসের বীর /
_cকবির চৌধুরী
260 _aঢাকা :
_bবাংলা একাডেমী,
_c১৩৭১.
300 _a71 p. :
_c21 cm.
650 _aAncient Greek
942 _2ddc
_cBK